|
|
|
|
| LEADER |
00879cam a2200253 7i4500 |
| 001 |
0000036933 |
| 005 |
20221102090000.0 |
| 007 |
##ta |
| 008 |
220824t2021 eng |
| 020 |
# |
# |
|a 9789292692179
|
| 040 |
# |
# |
|a MATR
|
| 090 |
0 |
0 |
|a ASIA 658.872
|b MAN
|
| 245 |
0 |
0 |
|a MANAGING THE DEVELOPMENT OF DIGITAL MARKETPLACES IN ASIA :
|b Edited By Cyn-Young Park, James Villafuerte, and Josef T. Yap.
|
| 264 |
# |
0 |
|a Metro Manila:
|b Asia Development Bank,
|c 2021.
|
| 300 |
# |
# |
|a xxi, 295 pages:
|b illustrations;
|c 18 cm.
|
| 336 |
# |
# |
|a text
|2 rdacontent
|
| 337 |
# |
# |
|a unmediated
|2 rdamedia
|
| 338 |
# |
# |
|a volume
|2 rdacarrier
|
| 504 |
# |
# |
|a Includes bibliographical references and index
|
| 650 |
# |
0 |
|a Electronic commerce --
|z Asia
|
| 700 |
0 |
# |
|a Park, Cyn-Young
|
| 700 |
0 |
# |
|a Villafuerte, James
|
| 700 |
0 |
# |
|a Yap, Josef T.
|
| 999 |
|
|
|a B000041909
|b Book
|c Regions
|e Business Information Centre
|